000 00350nam a2200097 4500
084 _2Colon Classification
_aX5-7:89ZBogD651
100 _aManikandan, C
245 _aDigital financial inculsion, Economic growth and sustainable development in emerging market Economics
260 _aUniversity of Kerala,
_bDepartment of Commerce,
_c205
942 _2CC
_cTH
999 _c750415
_d750415